| 000 | 00468nam a2200157 a 4500 | ||
|---|---|---|---|
| 005 | 20140412111415.0 | ||
| 008 | 070706s19uu xx 00 eng d | ||
| 020 | _a1-56189-367-6 | ||
| 050 |
_aTR(GS 372.1 _bC73 2001 |
||
| 245 | _aComprehensive Curriculum of basics skills. | ||
| 260 |
_aOhio : _bMcGrawhill Children's publishing, _c2001. |
||
| 300 | _a543 | ||
| 520 | _aReading,Math, Basic skills and time and money | ||
| 650 | _aThinking skills | ||
| 999 |
_c105806 _d105806 |
||